000 00833nas a2200277 4500
001 BR9904214
003 BR-BrBNA
005 20231205101533.0
007 ta
008 230509b bl.|||p| |||| 00| 00por d
040 _aBR-BrBNA
_bpor
_cBiblioteca Nacional de Agricultura
041 _a(Pt)
072 _aJ12
100 1 _aPaes, J.B.
100 1 _aVital, B.R.
100 1 _aLucia, R.M.D.
100 1 _aLucia, T.M.C.D.
245 1 _aEficiencia da purificacao e do enriquecimento do creosoto vegetal contra fungos xilofagos em testes de laboratorio
650 _aEucalipto
650 _aCreosoto
650 _aPreservacao da Madeira
650 _aFungo
773 0 _tRevista Arvore (Brazil)
_xISSN 0100-6762
_g(1998), v. 22(2) p. 263-269
_wBR9904214
909 _a202311
_bLúcia
_c55
_dLúcia Elande
942 _2AGRIS
_n0
_cANA
999 _c162389
_d162389